[Event "Arber op Seniors 4th"]
[Site "Bodenmais"]
[Date "2016.08.03"]
[Round "5"]
[White "Steil, Raymond"]
[Black "Zuehlke, Burkhard"]
[Result "0-1"]
[WhiteElo "1591"]
[BlackElo "2052"]
[PlyCount "50"]
[EventDate "2016.07.30"]
[EventType "swiss"]
[EventRounds "9"]
[EventCountry "GER"]
[SourceTitle "EXT 2017"]
[Source "ChessBase"]
[SourceDate "2016.10.25"]
[SourceVersion "1"]
[SourceVersionDate "2016.10.25"]
[SourceQuality "1"]

1. d4 Nf6 2. c4 g6 3. Nc3 Bg7 4. e4 d6 5. Nf3 0-0 6. Be2 e5 7. dxe5 dxe5 8. Qxd8 Rxd8 9. Bg5 Rf8 10. Nxe5 Nxe4 11. Nxe4 Bxe5 12. 0-0-0 Nc6 13. f4 Bd4 14. Nf6+ Kg7 15. Nd5 f6 16. Bh4 Bf5 17. Bf3 Rae8 18. Rhe1 Rxe1 19. Rxe1 Rf7 20. Rd1 Bc5 21. g4 Bc8 22. Rf1 Nd4 23. h3 c6 24. Nc3 Bd6 25. Bd1 Re7 0-1

[Event "Arber op Seniors 4th"]
[Site "Bodenmais"]
[Date "2016.08.01"]
[Round "3"]
[White "Steil, Raymond"]
[Black "Trinkl, Andreas"]
[Result "1/2-1/2"]
[WhiteElo "1591"]
[BlackElo "1773"]
[PlyCount "74"]
[EventDate "2016.07.30"]
[EventType "swiss"]
[EventRounds "9"]
[EventCountry "GER"]
[SourceTitle "EXT 2017"]
[Source "ChessBase"]
[SourceDate "2016.10.25"]
[SourceVersion "1"]
[SourceVersionDate "2016.10.25"]
[SourceQuality "1"]

1. d4 Nf6 2. c4 e6 3. Nc3 d5 4. cxd5 exd5 5. Bg5 c6 6. Qc2 Nbd7 7. e3 Bd6 8. Bd3 0-0 9. Nf3 h6 10. Bh4 Qc7 11. Bg3 Re8 12. Bxd6 Qxd6 13. 0-0 Qe7 14. Rfe1 Ne4 15. Rab1 g5 16. h3 Kg7 17. Ne2 Qd6 18. Bxe4 dxe4 19. Nh2 f5 20. Qc3 Nf6 21. Qc5 Rd8 22. Qxd6 Rxd6 23. Rbc1 Be6 24. a3 Kg6 25. Rc5 a5 26. Rec1 g4 27. R5c2 Bb3 28. Rc5 Ra6 29. Nf1 Nd7 30. R5c3 Rb6 31. Nd2 Be6 32. R1c2 Ra6 33. Nc4 Rd5 34. Kh2 Rb5 35. Nd6 Rb3 36. Ne8 Rxc3 37. Nxc3 Rb6 1/2-1/2

[Event "Stuttgart-chB int"]
[Site "Ditzingen"]
[Date "2005.05.05"]
[Round "1"]
[White "Steil, Raymond"]
[Black "Gheng, Hannelore"]
[Result "1/2-1/2"]
[WhiteElo "1599"]
[BlackElo "1158"]
[PlyCount "50"]
[EventDate "2005.05.05"]
[EventType "swiss"]
[EventRounds "7"]
[EventCountry "GER"]
[SourceTitle "EXT 2018"]
[Source "ChessBase"]
[SourceDate "2017.10.13"]
[SourceVersion "1"]
[SourceVersionDate "2017.10.13"]
[SourceQuality "1"]

1. d4 d5 2. Nf3 e6 3. e3 c5 4. b3 Nf6 5. Bd3 cxd4 6. exd4 Bd6 7. 0-0 0-0 8. Nbd2 Nc6 9. a3 e5 10. dxe5 Nxe5 11. Nxe5 Bxe5 12. Rb1 d4 13. Ne4 h6 14. f4 Bg4 15. Qe1 Bc7 16. Nxf6+ Qxf6 17. Qf2 Bb6 18. f5 Rfe8 19. h3 Be2 20. Re1 Bxd3 21. Rxe8+ Rxe8 22. cxd3 Re5 23. g4 h5 24. Bf4 Rc5 25. Qe2 Bc7 1/2-1/2

[Event "Luxembourg-ch"]
[Site "Luxembourg"]
[Date "1999.04.04"]
[Round "2"]
[White "Verlaine, Alex"]
[Black "Steil, Raymond"]
[Result "1-0"]
[WhiteElo "1997"]
[BlackElo "1601"]
[PlyCount "71"]
[EventDate "1999.04.03"]
[EventType "swiss"]
[EventRounds "9"]
[EventCountry "LUX"]
[SourceTitle "EXT 2005"]
[Source "ChessBase"]
[SourceDate "2004.11.15"]
[SourceVersion "1"]
[SourceVersionDate "2004.11.15"]
[SourceQuality "1"]

1. e4 c6 2. d4 d5 3. exd5 cxd5 4. Bd3 Nc6 5. c3 Nf6 6. Bf4 g6 7. Nd2 Bg7 8. Ngf3 Nh5 9. Bg5 f6 10. Be3 0-0 11. 0-0 f5 12. Nb3 Qd6 13. Re1 f4 14. Bd2 Bg4 15. Bf1 b6 16. Rc1 Kh8 17. Be2 Rae8 18. h3 Bd7 19. c4 e5 20. dxe5 Nxe5 21. Nxe5 Rxe5 22. Bc3 Rg5 23. h4 Bxc3 24. Rxc3 Re5 25. Rd3 Ba4 26. Rxd5 Rxd5 27. cxd5 Bxb3 28. Qxb3 Nf6 29. Bf3 Kg8 30. Re6 Qc5 31. Rc6 Qd4 32. Qc3 Qxc3 33. bxc3 Kg7 34. Rc7+ Rf7 35. d6 Rd7 36. Bc6 1-0

[Event "Luxembourg-ch"]
[Site "Luxembourg"]
[Date "1999.04.03"]
[Round "1"]
[White "Steil, Raymond"]
[Black "Ludewig, Robert"]
[Result "1/2-1/2"]
[WhiteElo "1601"]
[BlackElo "1901"]
[PlyCount "90"]
[EventDate "1999.04.03"]
[EventType "swiss"]
[EventRounds "9"]
[EventCountry "LUX"]
[SourceTitle "EXT 2005"]
[Source "ChessBase"]
[SourceDate "2004.11.15"]
[SourceVersion "1"]
[SourceVersionDate "2004.11.15"]
[SourceQuality "1"]

1. d4 Nf6 2. Nf3 d6 3. e3 g6 4. g3 Bg7 5. Bg2 0-0 6. 0-0 c6 7. c4 Qc7 8. Nc3 Nbd7 9. Qc2 e5 10. Rd1 Nb6 11. b3 Bf5 12. Qd2 Bg4 13. h3 Bxf3 14. Bxf3 Rad8 15. Bb2 Rfe8 16. Ne2 Nbd7 17. Qc2 Nf8 18. a4 Ne6 19. h4 exd4 20. Nxd4 Qe7 21. Rac1 Nd7 22. Bg2 Ne5 23. Qe2 h5 24. Nxe6 Qxe6 25. Re1 Bf6 26. Bd4 Ra8 27. Qf1 Kg7 28. Bh3 Nf3+ 29. Kh1 Qe7 30. Bxf6+ Qxf6 31. Red1 Re7 32. Qd3 Rd8 33. Qc3 Ne5 34. f4 Ng4 35. Bxg4 hxg4 36. Kg2 Qxc3 37. Rxc3 f5 38. Kf2 Kf7 39. c5 d5 40. Rd4 Re4 41. a5 a6 42. b4 Rde8 43. Rcd3 R8e6 44. Ke2 Re7 45. Kf2 R7e6 1/2-1/2

[Event "LUX-chABC"]
[Site "Dudelange"]
[Date "1998.04.15"]
[Round "5.23"]
[White "Lorsche, Jean"]
[Black "Steil, Raymond"]
[Result "1-0"]
[WhiteElo "1675"]
[BlackElo "1660"]
[PlyCount "71"]
[EventDate "1998.04.11"]
[EventType "swiss"]
[EventRounds "9"]
[EventCountry "LUX"]
[SourceTitle "EXT 2013"]
[Source "ChessBase"]
[SourceDate "2012.11.22"]
[SourceVersion "1"]
[SourceVersionDate "2012.11.22"]
[SourceQuality "1"]

1. g3 d5 2. c4 c6 3. Bg2 Nf6 4. Nf3 e6 5. 0-0 Be7 6. d3 dxc4 7. dxc4 0-0 8. Nc3 Qc7 9. Bf4 Qa5 10. Qc2 Nh5 11. Bd2 Nd7 12. Nd5 Qd8 13. Nxe7+ Qxe7 14. Bc3 Rd8 15. Rad1 a6 16. b4 Nb6 17. Rxd8+ Qxd8 18. Rd1 Qe8 19. Ba1 Nd7 20. c5 Nhf6 21. e4 Qe7 22. a3 Nf8 23. Be5 Bd7 24. Bd6 Qe8 25. Ne5 Rd8 26. Rd2 Bc8 27. Qd1 h6 28. h4 N8h7 29. f3 Nf8 30. Kf2 Kh7 31. f4 Ng6 32. Bf3 Nxe5 33. fxe5 Ng8 34. g4 g6 35. Ke3 Kg7 36. Bf8+ 1-0

[Event "LUX-chABC"]
[Site "Dudelange"]
[Date "1998.04.13"]
[Round "3.26"]
[White "Birtz, Claude"]
[Black "Steil, Raymond"]
[Result "1/2-1/2"]
[WhiteElo "1620"]
[BlackElo "1660"]
[PlyCount "69"]
[EventDate "1998.04.11"]
[EventType "swiss"]
[EventRounds "9"]
[EventCountry "LUX"]
[SourceTitle "EXT 2013"]
[Source "ChessBase"]
[SourceDate "2012.11.22"]
[SourceVersion "1"]
[SourceVersionDate "2012.11.22"]
[SourceQuality "1"]

1. f4 d5 2. b3 Nf6 3. Nf3 Bg4 4. e3 e6 5. Bb2 Nbd7 6. Be2 c5 7. 0-0 Bd6 8. Ne5 Bxe2 9. Qxe2 Be7 10. d3 Qc7 11. Nd2 0-0 12. Ndf3 Rad8 13. c4 Nxe5 14. Nxe5 Ne8 15. Rad1 Bf6 16. Qg4 Qa5 17. Ra1 dxc4 18. Nxc4 Qc7 19. Bxf6 Nxf6 20. Qe2 Rfe8 21. Ne5 Nd7 22. Nf3 e5 23. fxe5 Nxe5 24. Nxe5 Rxe5 25. Rfe1 g6 26. Rad1 Rh5 27. g3 Re5 28. Qf2 Rf5 29. Qc2 Qe7 30. d4 Rc8 31. e4 Rg5 32. d5 h5 33. Qe2 Re8 34. Rd3 Qd6 35. Re3 1/2-1/2

[Event "LUX-chABC"]
[Site "Dudelange"]
[Date "1997.04.06"]
[Round "9.27"]
[White "Buerger, Arsene"]
[Black "Steil, Raymond"]
[Result "1-0"]
[WhiteElo "1755"]
[BlackElo "1605"]
[PlyCount "67"]
[EventDate "1997.03.29"]
[EventType "swiss"]
[EventRounds "9"]
[EventCountry "LUX"]
[SourceTitle "EXT 2013"]
[Source "ChessBase"]
[SourceDate "2012.11.22"]
[SourceVersion "1"]
[SourceVersionDate "2012.11.22"]
[SourceQuality "1"]

1. e4 c5 2. Nc3 Nc6 3. f4 g6 4. Nf3 d6 5. d3 Bg7 6. Be3 Nf6 7. g3 0-0 8. Bg2 Rb8 9. 0-0 b5 10. Rb1 b4 11. Ne2 Ng4 12. Qd2 Nxe3 13. Qxe3 Bg4 14. h3 Bxf3 15. Qxf3 Nd4 16. Nxd4 Bxd4+ 17. Kh1 Qc7 18. f5 Bg7 19. h4 e6 20. f6 Bh6 21. g4 g5 22. Qe3 d5 23. e5 d4 24. Qd2 Qxe5 25. Rbe1 Qg3 26. hxg5 Qh4+ 27. Kg1 Bxg5 28. Qf2 Qxf2+ 29. Kxf2 Bh4+ 30. Kf3 Bxe1 31. Rxe1 h6 32. Rh1 Kh7 33. g5 Kg6 34. Kg4 1-0